| 000 | 01025nam a22002777a 4500 | ||
|---|---|---|---|
| 005 | 20240530110427.0 | ||
| 008 | 150326s2011 su g 000 0 ara d | ||
| 017 |
_a1431/1769 _bالسعودية . مكتبة الملك فهد |
||
| 020 | _a6986549960978 | ||
| 020 | _a9789960549866 | ||
| 040 | _aEG-CaGPL | ||
| 082 | 0 | 4 |
_221 _a658.314\ _bم ت |
| 245 | 0 | 0 |
_aتحفيز الموظفين للحصول على اداء افضل / _cمجموعة مؤلفين ؛ نقله الى العربيه سلمى المقدادي |
| 250 | _aالاولى | ||
| 260 |
_aالرياض : _bالعبيكان للنشر ، _c2011 . |
||
| 300 |
_a211 ص ؛ _c22 سم |
||
| 650 | 0 | 4 | _aالموظفون |
| 650 | 0 | 4 | _aادارة الافراد |
| 650 | 0 | 4 |
_aالموظفون _xمكافئات |
| 650 | 0 | 4 |
_aالموظفون _xترقيات |
| 650 | 0 | 4 | _aتقييم الاداء |
| 700 | 0 | _aمجموعة مؤلفين | |
| 700 | 0 |
_aسلمى المقدادي _eمترجم |
|
| 942 |
_2ddc _cBK |
||
| 999 |
_c60779 _d60779 |
||